000 00507nam a2200193Ia 4500
005 20230320090954.0
008 131103s9999 xx 000 0 und d
040 _aLoreto College
041 _aEnglish
082 _a822.3
_bAPP
100 _aAppleton, William W
245 _aBeaumont and Fletcher
_cWilliam W Appleton
260 _aLondon
_bGeorge Allen & Unwin Ltd.
_c1956
300 _a131p.
504 _aIncludes index
650 _aEnhlish drama - criticism
850 _aLCLIB
942 _cBK
999 _c21786
_d72265